000
00299nam a2200145Ia 4500
100
_a
Singh/D.K
942
_c
BK
366
_f
20
245
_a
Just in time:Concepts and practices
260
_b
Ane Books India
_c
2009
082
_a
658.5
_b
SIN
300
_a
150
546
_a
ENGLISH
999
_c
29305
_d
29305